LEADER 01076nam a2200253 i 4500 001 000000110444 003 CaOOAMICUS 005 20080307141620.0 008 080307s2002 it u000 u ita c 020 $a88-315-2286-8 040 $aPUL$bita$dLDB 100 1 $aZanotti, Emanuela.$0(OLS)http://pul/name/67683 245 10$aIo donna e madre :$bdonne celebri si raccontano /$cEmanuela Zanotti ; presentazione di Leonardo Zega. 260 $aMilano :$bSan Paolo,$c2002. 300 $a268 p. ;$c21 cm. 490 1 $aLibroteca paoline ;$v52 650 14$aDonna.$0(OLS)http://pul/subject/7073 830 0$aLibroteca paoline ;$v52.$0(OLS)http://pul/title/65631 850 $aPUL 852 $aPUL$W1$xSL Diritto e Scienze Sociali 3$y79$m306. 87 ZANEM 1$j126518$qDDC 21$B125243$CPULBib$Z2$F125243 $H106666 $82 941 1 $a9 996 $6020$a88-315-2286-8$9(OLS)http://pul/number/137457 996 $6245$aIo donna e madre :$bdonne celebri si raccontano$9(OLS)http://pul/title/138874 996 $6260$aMilano :$bSan Paolo$9(OLS)http://pul/publisher/59870 LEADER 01542nam a2200229 u 4500 001 000000046979 003 CaOOAMICUS 005 20070226114831.0 008 990723s1740 it u000 u ita u 035 $a10830763 040 $aPUL(R)$bita 245 00$aBreve, chiara e prattica istruzione per gli confessori di terre, e villaggi :$bintorno alle cose che pił ordinariamente accadono nell'amministrazione del sacramento della penitenza. Con una brevissima prattica di bene assistere a' moribondi /$ccomposta da un fratello missionario della Congregazione del P. Pavone ... Aggiuntovi in questa seconda impressione un brieve, e prattico metodo di aiutare a ben morire l'infermo agonizzante. 260 $aIn Napoli :$bnella stamperia di Serafino Porsile,$c1740. 300 $a[34], 487, [5] p. ;$c17 cm 504 $aContiene indicazioni bibliografiche. 650 4$aConfessione.$0(OLS)http://pul/subject/3061 650 4$aEstrema unzione.$0(OLS)http://pul/subject/10262 850 $aPUL 852 $aPUL$W1$xDP1 Antico 700$y26$m40 F 8$j62853$nBK-PRI$b $qStampati Antico$B62853$CPULBib$Z2$F62853 $H $81 941 1 $a15 996 $6245$aBreve, chiara e prattica istruzione per gli confessori di terre, e villaggi :$bintorno alle cose che pił ordinariamente accadono nell'amministrazione del sacramento della penitenza. Con una brevissima prattica di bene assistere a' moribondi$9(OLS)http://pul/title/63233 996 $6260$aIn Napoli :$bnella stamperia di Serafino Porsile$9(OLS)http://pul/publisher/66743